000 00473 a2200169 4500
003 Nust
005 20251020115858.0
040 _cNust
082 _a621.382,HUS
100 _aHussain, Jawad (TE-31)
_9131234
245 _aStudy of ISDN /
_cPC Jawas Hussain, PC Khalid Ishaq, PC Umar Ramay, GC Hammad Latif, GC Imran Ghafoor.
260 _aRawalpindi
_bMCS (NUST)
_c1996
300 _a118p.
650 _aUG Projects
_998716
651 _aTE-31
_9131214
942 _cPR
_2ddc
999 _c182298
_d182298